[Event "Yerevan ol (Women)"]
[Site "Yerevan"]
[Date "1996.??.??"]
[Round "7"]
[White "Foisor, Cristina Adela B"]
[Black "Klinova, Masha"]
[Result "1-0"]
[WhiteElo "2375"]
[BlackElo "2380"]

1.c4 e5 2.g3 c6 3.d4 Bb4+ 4.Bd2 Bxd2+ 5.Qxd2 d6 6.Nc3 Nf6 7.Bg2 O-O 8.e3 Be6
9.d5 cxd5 10.cxd5 Bd7 11.Nge2 b5 12.O-O a5 13.f4 b4 14.Nd1 Re8 15.Nf2 Na6
16.fxe5 Rxe5 17.Nd4 Rc8 18.Nc6 Bxc6 19.dxc6 Qe7 20.Rfe1 Nc5 21.Rac1 h6 22.Qd4 Re8
23.Nd3 Nxd3 24.Qxd3 Qc7 25.Qd4 R8e6 26.a3 bxa3 27.bxa3 Rb5 28.Rc3 h5 29.Qa4 Ree5
30.Rec1 Rb2 31.Rb3 Rxb3 32.Qxb3 Re7 33.Qb7 Ne8 34.Rb1 Kf8 35.Qxc7 Nxc7 36.Rb8+ Re8
37.Rb7 Ne6 38.Ra7 Rc8 39.Rxa5 Ke7 40.Bd5 Nc7 41.e4 f5 42.Kf2 fxe4 43.Bxe4 h4
44.gxh4 d5 45.Bxd5 Nxd5 46.Rxd5 Rxc6 47.Rd3 Rc4 48.Rh3 Ke6 49.Ke2 Kd5 50.Kd2 Rf4
51.Kc3 Kc5 52.Kb3 Kb5 53.h5 Rf5 54.Kc3 Rf4 55.h6 gxh6 56.Rh5+ Ka4 57.Rxh6 Rf3+
58.Kc4 Rf4+ 59.Kd5 Rf3 60.Kd4 Rf2 61.Ke5 Rf3 62.h4 Rb3 63.h5 Rb5+  1-0

[Event "Yerevan ol (Women)"]
[Site "Yerevan"]
[Date "1996.??.??"]
[Round "8"]
[White "Fauland Borek, Jutta"]
[Black "Connolly, Suzanne"]
[Result "1-0"]
[WhiteElo "2110"]
[BlackElo "2005"]

1.c4 e5 2.g3 Nc6 3.Bg2 Nf6 4.Nc3 Bb4 5.Nd5 Bc5 6.e3 O-O 7.Ne2 d6 8.O-O a6
9.d4 Ba7 10.Nxf6+ Qxf6 11.d5 Ne7 12.Nc3 Ng6 13.Qe2 Qe7 14.e4 f5 15.exf5 Bxf5
16.Ne4 Bxe4 17.Bxe4 Nh8 18.Kg2 Rf7 19.f3 Ng6 20.h4 Qd7 21.Qd3 Nf8 22.h5 b5
23.b3 Rb8 24.Bd2 bxc4 25.Qxc4 Qb5 26.Rac1 Qxc4 27.Rxc4 Bb6 28.g4 g6 29.hxg6 hxg6
30.Ra4 Kg7 31.Rh1 Nd7 32.Rxa6 Rc8 33.Ra4 Rff8 34.Bh6+  1-0

[Event "Yerevan ol (Men)"]
[Site "Yerevan"]
[Date "1996.??.??"]
[Round "9"]
[White "Sammalvuo, Tapani"]
[Black "Jones, Iolo C"]
[Result "1-0"]
[WhiteElo "2370"]
[BlackElo "2230"]

1.g3 e5 2.c4 Nf6 3.Bg2 d6 4.Nc3 Be7 5.e3 O-O 6.Nge2 Nbd7 7.O-O Nb6 8.d3 d5
9.cxd5 Nbxd5 10.a3 c6 11.Qc2 Bg4 12.h3 Be6 13.d4 Nxc3 14.bxc3 Qa5 15.Rb1 exd4
16.cxd4 Qa6 17.Nf4 Bc4 18.Rd1 Rac8 19.e4 Rfd8 20.Bb2 b5 21.h4 Re8 22.Nd3 Bf8
23.Ne5 Be6 24.Rbc1 Bxa3 25.Bxa3 Qxa3 26.Nxc6 b4 27.Qc5 Bd7 28.e5 Bxc6 29.exf6 Re6
30.d5 Rxf6 31.dxc6  1-0

[Event "Yerevan op"]
[Site "Yerevan"]
[Date "1996.??.??"]
[Round "11"]
[White "Sher, Miron N"]
[Black "Khachian, Melikset"]
[Result "0-1"]
[WhiteElo "2500"]
[BlackElo "2440"]

1.c4 e5 2.g3 Nf6 3.Bg2 d5 4.cxd5 Nxd5 5.Nf3 Nc6 6.O-O Be7 7.d4 exd4 8.Nxd4 Nxd4
9.Qxd4 Nf6 10.Qa4+ Bd7 11.Qc2 c6 12.h3 O-O 13.Nc3 Qa5 14.e4 Rfe8 15.Bd2 Qh5
16.g4 Bxg4 17.hxg4 Nxg4 18.Bf4 Bc5 19.Bg3 Re6 20.Ne2 Bd6 21.Qb3 Rae8 22.Bxd6 Rxd6
23.Qg3 Ne5 24.Nf4 Qh6 25.Rfd1 Rf6 26.Nh3 Qh5 27.Nf4 Qh6 28.Nh3 Qh5 29.Rac1 Rg6
30.Nf4 Nf3+ 31.Kf1 Qb5+ 32.Ne2 Rxg3 33.fxg3 Ne5 34.Rc2 Ng4 35.Rc3 Qb6 36.Rd4 Rd8  0-1

[Event "Zaragoza op"]
[Site "Zaragoza"]
[Date "1996.??.??"]
[Round "1"]
[White "Markowski, Tomasz"]
[Black "Shchekachev, Andrei"]
[Result "1-0"]
[WhiteElo "2535"]
[BlackElo "2500"]

1.g3 e5 2.c4 Nc6 3.Bg2 f5 4.Nc3 Nf6 5.e3 Be7 6.Nge2 O-O 7.d3 d6 8.O-O Qe8
9.Bd2 Kh8 10.Rc1 Bd8 11.Nd5 Nxd5 12.cxd5 Ne7 13.d4 a5 14.dxe5 dxe5 15.Bc3 Ng8
16.Qd2 Ra6 17.Bxa5 f4 18.exf4 exf4 19.Nxf4 Rxf4 20.Qxf4 Rxa5 21.Rfe1 Be7  1-0

[Event "Zaragoza op"]
[Site "Zaragoza"]
[Date "1996.??.??"]
[Round "3"]
[White "Foisor, Ovidiu"]
[Black "Gamundi, Antonio"]
[Result "1/2-1/2"]
[WhiteElo "2475"]
[BlackElo "2395"]

1.c4 e5 2.g3 Nf6 3.Bg2 d5 4.cxd5 Nxd5 5.Nc3 Nb6 6.Nf3 Nc6 7.a3 a5 8.d3 Be7
9.O-O O-O 10.Be3 Be6 11.Rc1 Nd5 12.Nxd5 Bxd5 13.Qa4 Qc8 14.Bc5 Re8 15.Rfe1 Bf6
16.e4 Be6 17.d4 exd4 18.e5 Be7 19.Bxe7 Rxe7 20.Nxd4 Nxd4 21.Qxd4  1/2-1/2

[Event "Zaragoza op"]
[Site "Zaragoza"]
[Date "1996.??.??"]
[Round "4"]
[White "Razuvaev, Yuri S"]
[Black "Strikovic, Aleksa"]
[Result "1/2-1/2"]
[WhiteElo "2580"]
[BlackElo "2520"]

1.c4 e5 2.g3 g6 3.Bg2 Bg7 4.Nf3 e4 5.Ng1 f5 6.d3 Nf6 7.Nc3 exd3 8.exd3 O-O
9.Nge2 d6 10.O-O Nbd7 11.d4 Re8 12.h3 a6 13.Be3 Rb8 14.a4 Nf8 15.Qd2 c6 16.a5 h5
17.Bh6 h4 18.Bxg7 Kxg7 19.b4 hxg3 20.fxg3 Qe7 21.Rfe1 Qe3+ 22.Qxe3 Rxe3 23.Kf2 Re8
24.d5 cxd5 25.Nxd5 Ne4+ 26.Bxe4 Rxe4 27.Nb6 Nd7 28.Nc3 Rxe1 29.Rxe1 Nxb6
30.axb6 Kf7 31.Rd1 Be6 32.Rxd6 Bxc4 33.Rd7+ Kf6 34.Rc7 Be6 35.h4 Bf7 36.Ke3 Be8
37.Kd4 g5 38.Nd5+ Kg6 39.hxg5 Kxg5 40.Rg7+ Kh6 41.Rg8 Rd8 42.Rf8 Kg7 43.Rxf5 Bg6
44.Re5 Rd6  1/2-1/2

[Event "Zaragoza op"]
[Site "Zaragoza"]
[Date "1996.??.??"]
[Round "4"]
[White "Suba, Mihai"]
[Black "Franco Ocampo, Zenon"]
[Result "0-1"]
[WhiteElo "2565"]
[BlackElo "2470"]

1.c4 e5 2.g3 Nf6 3.Bg2 d5 4.cxd5 Nxd5 5.Nc3 Ne7 6.Nf3 Nbc6 7.b4 a6 8.O-O g6
9.Rb1 Bg7 10.d3 O-O 11.a3 h6 12.e3 Bg4 13.h3 Be6 14.Qc2 Qd7 15.Kh2 Rad8 16.Rd1 Nd5
17.Bb2 f5 18.Na4 Qe8 19.Nc5 Bc8 20.Rbc1 Rd6 21.e4 Nde7 22.exf5 Nxf5 23.Re1 g5
24.Re2 Qf7 25.Qc4 Nfd4 26.Nxd4 Nxd4 27.Bxd4 Rxd4 28.Qxf7+ Rxf7 29.Nxb7 e4
30.Rxe4 Rxe4 31.Bxe4 Rxf2+ 32.Kg1 Bd4 33.Rc4 Be3 34.g4 h5 35.gxh5 Bxh3 36.Bd5+ Kh8
37.Re4 Re2+ 38.Rxe3 Rxe3 39.Nc5 Bc8 40.Kf2 Rh3 41.Bc4 g4 42.a4 Kg7 43.a5 Kh6
44.Bxa6 Bxa6 45.Nxa6 Rxd3 46.Nxc7 Kxh5 47.a6 Ra3 48.b5 g3+ 49.Kg2 Kg4 50.Ne6 Ra2+
51.Kg1 Ra5  0-1

[Event "Zaragoza op"]
[Site "Zaragoza"]
[Date "1996.??.??"]
[Round "4"]
[White "Foisor, Cristina Adela B"]
[Black "Eslon, Jaan"]
[Result "1/2-1/2"]
[WhiteElo "2370"]
[BlackElo "2410"]

1.c4 e5 2.g3 Nf6 3.Bg2 d5 4.cxd5 Nxd5 5.Nf3 Nc6 6.O-O Nb6 7.Nc3 Be7 8.a3 O-O
9.d3 Re8 10.b4 Bf8 11.Bb2 a5 12.b5 Nd4 13.Nd2 Rb8 14.e3 Ne6 15.Nf3 Nc5 16.d4 exd4
17.exd4 Ne6 18.Re1 Nc4 19.Na4 Nxb2 20.Nxb2 Bd7 21.d5 Nc5 22.Rxe8 Qxe8 23.a4 c6
24.Nd4 cxd5 25.Bxd5 Qe5 26.Bg2 Ne6 27.Nxe6 Bxe6 28.Nd3 Qf6 29.Nf4 Rd8 30.Qf1 Bc4
31.Qc1 b6 32.Bf1 Bxf1 33.Qxf1 g5 34.Ng2 Bc5 35.Re1 Qd4 36.Qe2 Qxa4 37.h4 gxh4
38.Nxh4 Qd4 39.Nf5 Qf6 40.Qh5 Kh8 41.Kg2 Qg6 42.Qf3 Qf6 43.Re4 Bf8 44.Rf4 Rd7
45.Ne3 Qe7 46.Nd5 Qe6 47.Qc3+ f6 48.Nxf6 Rf7 49.Ne8+ Kg8 50.Qc6 Qg6 51.Nf6+ Kh8
52.Qxb6 Bg7 53.Nd5 Qxb6 54.Nxb6 Rb7 55.Re4 Kg8 56.Nc4 a4 57.Re8+ Bf8 58.b6 Kf7
59.Ra8 Be7 60.Rxa4 Ke6 61.Ra7 Rb8 62.Rc7 h6 63.b7 Bb4 64.Rh7 Bf8 65.f4 Kd5
66.Ne5 Bd6 67.Ng4 Kc6 68.Nxh6 Bc7 69.f5 Rxb7 70.f6 Rb2+ 71.Kh3 Rf2 72.Ng8 Be5
73.Kg4 Kd6 74.Ra7 Ke6 75.Re7+ Kd6 76.Rxe5 Kxe5 77.Kg5 Ke6 78.g4 Kf7 79.Nh6+ Kf8
80.Kg6 Ra2 81.g5 Ra5 82.Nf5 Rb5 83.Ng7 Re5 84.Nh5 Ra5 85.Kh6 Kg8 86.g6 Rf5  1/2-1/2

[Event "Zlin op"]
[Site "Zlin"]
[Date "1996.??.??"]
[Round "5"]
[White "Ianov, Viktor"]
[Black "Hasangatin, Ramil"]
[Result "0-1"]
[WhiteElo "2415"]
[BlackElo "2400"]

1.c4 e5 2.g3 Nf6 3.Bg2 Nc6 4.Nc3 Bb4 5.Nd5 Nxd5 6.cxd5 Ne7 7.Qb3 Bd6 8.Nf3 c6
9.dxc6 dxc6 10.O-O O-O 11.d3 Nf5 12.Bd2 Nd4 13.Nxd4 exd4 14.Rfe1 Qb6 15.Qc2 a5
16.e4 dxe3 17.Bxe3 Qb5 18.Be4 Be6 19.d4 h6 20.Bd2 Rfe8 21.Re3 Bd5 22.Bd3 Qb6
23.Bc3 Red8 24.Qe2 Qc7 25.Qg4 Bf8 26.h4 Qd7 27.Bf5 Qd6 28.a3 Qf6 29.h5 b5
30.Rc1 Qg5 31.Qh3 Bd6 32.Kh2 Bxg3+ 33.Qxg3 Qxf5 34.Re5 Qf3 35.Qxf3 Bxf3 36.Kg3 Bd5
37.Rce1 Rdb8 38.b4 a4 39.Bd2 Rd8 40.Re7 Be6 41.Re4 Rd5 42.Kh4 Rad8 43.Be3 Kf8
44.Rc7 Bf5 45.Rf4 Rc8 46.Re7 Re8 47.Rc7 Bd7 48.Ra7 Re7 49.Rc7 f6 50.Ra7 Be8
51.Rxe7 Kxe7 52.Re4+ Kd7 53.Rg4 Rxh5+ 54.Kg3 g5  0-1

[Event "Weihnachts op"]
[Site "Zuerich"]
[Date "1996.??.??"]
[Round "2"]
[White "Haas, Carmi"]
[Black "Tukmakov, Vladimir B"]
[Result "0-1"]
[WhiteElo "2230"]
[BlackElo "2580"]

1.c4 e5 2.g3 Nf6 3.Bg2 d5 4.cxd5 Nxd5 5.Nc3 Nb6 6.Nf3 Nc6 7.O-O Be7 8.a3 O-O
9.b4 Be6 10.d3 f6 11.Bb2 Qd7 12.Rc1 a5 13.b5 Na7 14.Nd2 Nxb5 15.Bxb7 Ra7
16.Bg2 Nxa3 17.Ra1 Nb5 18.Nxb5 Qxb5 19.Ba3 Bxa3 20.Rxa3 Qb4 21.Ra1 a4 22.Qc2 a3
23.Rfb1 Qe7 24.Bc6 Rd8 25.Ne4 Bf7 26.h4 h6 27.Qc3 a2 28.Rc1 Rd4 29.Nc5 Nd5
30.Qb2 Rb4 31.Qc2 Rb6 32.Ba4 Ra5 33.Bb3 Rc6 34.d4 exd4 35.Qf5 Rcxc5 36.Rxc5 Qxc5
37.Bxa2 Ne7  0-1

[Event "Ano Liosia op"]
[Site "Athens"]
[Date "1997.01.04"]
[Round "2"]
[White "Georgiev, Vladimir"]
[Black "Papadopoulou, Triantafilia"]
[Result "1-0"]
[WhiteElo "2565"]
[BlackElo "2145"]

1.c4 e5 2.g3 Nc6 3.Bg2 g6 4.Nc3 Bg7 5.Rb1 a5 6.Nf3 d6 7.d3 f5 8.O-O Nf6 9.Bg5 Be6
10.Nd2 O-O 11.a3 Qd7 12.b4 axb4 13.axb4 Rab8 14.b5 Ne7 15.Qb3 h6 16.Bxf6 Bxf6
17.Ra1 g5 18.Ra7 b6 19.Nd5 Bxd5 20.cxd5 Ra8 21.Rfa1 Rxa7 22.Rxa7 Ng6 23.Nc4 Qc8
24.Qa4 Re8 25.Qa6 Nf8 26.Qxc8 Rxc8 27.Ne3 e4 28.dxe4 fxe4 29.Bh3 Re8 30.Rxc7  1-0

[Event "RUS-Cup4"]
[Site "Perm"]
[Date "1997.02.15"]
[Round "8"]
[White "Vaulin, Alexander"]
[Black "Prokopchuk, Evgeny"]
[Result "1-0"]
[WhiteElo "2490"]
[BlackElo "2440"]

1.g3 e5 2.c4 Nf6 3.Bg2 c6 4.Nf3 d6 5.Nc3 Nbd7 6.d4 e4 7.Nh4 Nb6 8.Nxe4 Nxe4
9.Bxe4 Nxc4 10.d5 Qa5+ 11.Kf1 Bh3+ 12.Bg2 Bxg2+ 13.Kxg2 cxd5 14.b3 Ne5 15.Bb2 O-O-O
16.Nf5 h5 17.Qc2+ Kb8 18.Rhd1 h4 19.Nxh4 Rh5 20.Rac1 Nc6 21.Nf3 Rc8 22.Rd3 Re8
23.a3 Qd8 24.g4 Rhe5 25.Nxe5 dxe5 26.Rcd1 d4 27.Rf3 Qd5 28.Qc4 Qxc4 29.bxc4 f6
30.Rh3 Na5 31.Rc1 Bc5 32.Rh7 Re7 33.h4 Kc7 34.h5 Kd7 35.h6 gxh6 36.Rxh6 Re6
37.Rh7+ Be7 38.a4 Kc6 39.Kf3 Nb3 40.Rd1 Bb4 41.Ke4 Rd6 42.Kf5 Nc5 43.Rh6 Nxa4
44.Bc1 Nc3 45.Rdh1 Nxe2 46.Rxf6 Rxf6+ 47.Kxf6 e4 48.g5 Bc3 49.g6 e3 50.Ke7 exf2
51.g7  1-0

[Event "Clarin GP-f"]
[Site "Villa Gesell"]
[Date "1997.03.10"]
[Round "7"]
[White "Ginzburg, Maximiliano"]
[Black "Braga, Fernando"]
[Result "1/2-1/2"]
[WhiteElo "2450"]
[BlackElo "2455"]

1.c4 e5 2.g3 Nf6 3.Bg2 Nc6 4.Nc3 Bc5 5.e3 d5 6.Nxd5 Nxd5 7.cxd5 Nb4 8.Qb3 c6
9.Ne2 Nxd5 10.O-O O-O 11.a3 Bb6  1/2-1/2

[Event "Cologne op"]
[Site "Cologne"]
[Date "1997.04.03"]
[Round "6"]
[White "Eising, Johannes"]
[Black "Hubert, Ralf"]
[Result "0-1"]
[WhiteElo "2315"]
[BlackElo "2355"]

1.g3 e5 2.c4 Nf6 3.Bg2 c6 4.Nf3 e4 5.Nd4 d5 6.cxd5 Qxd5 7.e3 c5 8.Nc3 Qd8
9.Nde2 Bf5 10.Qa4+ b5 11.Qxb5+ Nbd7 12.g4 Rb8 13.Qa4 Rb4 14.Qc6 Rb6 15.Qa4 Nxg4
16.Bxe4 Rb4 17.Qc6 Ne5 18.Qd5 Be6 19.Qa8 Nd3+ 20.Kf1 Bh3+ 21.Kg1 Qxa8 22.Bxa8 Rg4+
23.Ng3 h5 24.f3 Rg6 25.Be4 N7e5 26.f4 f5 27.Bg2 Bxg2 28.Kxg2 h4 29.fxe5 hxg3
30.h4 Nf2 31.Rg1 Rxh4 32.Kf3 Nd3 33.Rxg3 Rxg3+ 34.Kxg3 Rh1 35.e4 f4+ 36.Kg4 Rg1+
37.Kf3 g5 38.Ke2 c4 39.b3  0-1

[Event "CZE-ch"]
[Site "Zlin"]
[Date "1997.06.??"]
[Round "11"]
[White "Jirovsky, Milos"]
[Black "Velicka, Petr"]
[Result "1/2-1/2"]
[WhiteElo "2505"]
[BlackElo "2405"]

1.c4 e5 2.g3 d6 3.Bg2 g6 4.d4 exd4 5.Qxd4 Nf6 6.Nc3 Bg7 7.Qd2 O-O 8.b3 a5
9.Bb2 Na6 10.Nh3 Nc5 11.Nf4 Re8 12.O-O Bd7 13.Rad1 Bc6 14.f3 Ne6 15.Nxe6 fxe6
16.e4 e5 17.Bh3 b6 18.Nd5 Bd7 19.Nxf6+ Bxf6 20.Bxd7 Qxd7 21.f4 Qe7 22.Qd5+ Qe6
23.Qxe6+ Rxe6 24.f5 gxf5 25.Rxf5 Bg7 26.Rdf1 Re7 27.a4 Bh6 28.R1f3 Rf8 29.Rxf8+ Bxf8
30.Bc1 Re6 31.g4 Rg6 32.h3 Bh6 33.Bxh6 Rxh6 34.Kg2 Kg7 35.Kg3 Re6 36.h4 h6
37.Rf5 Rf6 38.g5 hxg5 39.hxg5 Rxf5 40.exf5 c6 41.Kf3 d5 42.cxd5 cxd5 43.Ke3 Kf7
44.Kd3 Kg7 45.Kc3 Kf7  1/2-1/2

[Event "Politiken Cup"]
[Site "Copenhagen"]
[Date "1997.07.09"]
[Round "5"]
[White "Rasmussen, Karsten"]
[Black "Salov, Sergei"]
[Result "1-0"]
[WhiteElo "2425"]
[BlackElo "2275"]

1.c4 e5 2.g3 d6 3.Nc3 g6 4.Bg2 Bg7 5.d3 Nc6 6.Rb1 Nf6 7.b4 a6 8.a4 O-O 9.b5 axb5
10.axb5 Ne7 11.Nf3 c5 12.bxc6 bxc6 13.O-O Nd7 14.Qc2 Nc5 15.Be3 Ne6 16.Na4 Nd4
17.Nxd4 exd4 18.Bg5 f6 19.Bf4 Ra5 20.c5 dxc5 21.Qc4+ Nd5 22.Nxc5 Kh8 23.Bd2 Nc3
24.Bxc3 dxc3 25.Qxc3 f5 26.Qc4 f4 27.Nb7 Bxb7 28.Rxb7 fxg3 29.hxg3 c5 30.Qe6 Qd4
31.Rd7 Qf6 32.Qxf6 Bxf6 33.Rb1 Ra1 34.Rxa1 Bxa1 35.Rc7 Bc3 36.Bf3 Bb4 37.Kg2 Rf6
38.Be4 Rd6 39.f4 h6 40.Kf3 Kg8 41.g4 Kf8 42.Rh7 g5 43.f5 Bc3 44.Rc7 Bb4 45.Bb7 Rd4
46.Be4 Rd6 47.Ke3 Ba5 48.Rb7 Bc3 49.Bf3 Ke8 50.Ke4 Rd4+ 51.Ke3 Rd6 52.Be4 Kf8
53.Kf3 Bb4 54.Rc7 Ke8 55.Rh7 Kf8 56.Bb7 Bc3 57.Rc7 Bb4 58.Ke4 Rb6 59.Kd5 Ba3
60.e4 Bc1 61.e5 Bf4 62.f6 h5 63.Bc6 Rb8 64.gxh5 g4 65.Rg7 Rd8+ 66.Bd7 Bh6
67.e6  1-0

[Event "Canadian op"]
[Site "Winnipeg"]
[Date "1997.07.12"]
[Round "?"]
[White "Hjartarson, Johann"]
[Black "Panken, Richard"]
[Result "0-1"]
[WhiteElo "2605"]
[BlackElo "2140"]

1.c4 e5 2.g3 Nc6 3.Bg2 Nf6 4.Nc3 Bb4 5.Nf3 d6 6.O-O O-O 7.Nd5 Nxd5 8.cxd5 Ne7
9.Qb3 Bc5 10.d3 h6 11.e3 Bb6 12.a4 a6 13.Nd2 f5 14.Nc4 Rb8 15.Nxb6 cxb6 16.Bd2 Bd7
17.f4 Ng6 18.Bb4 Rf6 19.Rf2 Rc8 20.Raf1 exf4 21.gxf4 Nh4 22.Bh3 Qe7 23.Bd2 Be8
24.e4 Bf7 25.Qxb6 Rg6+ 26.Kh1 fxe4 27.Qd4 Nf3 28.Rxf3 exf3 29.Bxc8 Qe2 30.Qf2 Bxd5
31.f5 Qxf1+  0-1

[Event "Komercni Banka op"]
[Site "Pardubice"]
[Date "1997.07.18"]
[Round "2"]
[White "Shushpanov, Vladimir"]
[Black "Kuporosov, Viktor"]
[Result "0-1"]
[WhiteElo "2375"]
[BlackElo "2495"]

1.c4 e5 2.g3 Nf6 3.Bg2 Nc6 4.Nf3 Bc5 5.O-O d6 6.d3 h6 7.Nc3 O-O 8.Na4 Re8
9.Bd2 a5 10.Nxc5 dxc5 11.Bc3 Bg4 12.h3 Bh5 13.g4 Bg6 14.Nh4 Bh7 15.Nf5 Bxf5
16.gxf5 Qd6 17.Qd2 Rad8 18.Bxa5 Nd4 19.b4 e4 20.bxc5 Qxc5 21.Bc3 exd3 22.Bxd4 dxe2
23.Bxc5 exf1=Q+ 24.Kxf1 Rxd2 25.Bxb7 Rb8 26.Bf3 Rc2 27.Ba7 Rb4 28.a4 Rcxc4
29.Bd1 Ne4 30.a5 Nc3 31.Be3 Nxd1 32.Rxd1 Ra4 33.Rd5 c5 34.Rd8+ Kh7 35.Rf8 f6
36.Ra8 Rc2 37.a6 Rca2  0-1

[Event "MK Cafe op-A"]
[Site "Koszalin"]
[Date "1997.08.06"]
[Round "5"]
[White "Markowski, Tomasz"]
[Black "Socko, Bartosz"]
[Result "1/2-1/2"]
[WhiteElo "2515"]
[BlackElo "2435"]

1.g3 e5 2.c4 Nc6 3.Bg2 g6 4.Nc3 Bg7 5.d3 d6 6.e3 Nf6 7.Nge2 O-O 8.O-O Be6
9.Nd5 Qd7 10.Nec3 Ne8 11.d4 Nd8 12.dxe5 c6 13.Nf6+ Nxf6 14.exf6 Bxf6 15.Qd3 Bg7
16.b3 f5 17.Ba3 Nf7 18.Rad1 Rfd8 19.Rd2 Qc7 20.Rfd1 Rd7 21.Qc2 Rad8 22.Bb2 a6
23.Ne2 Ne5 24.h3 Re7 25.Nf4 Bf7 26.Ba3 Red7 27.Ne2 Be6 28.Nd4 Re7 29.e4 fxe4
30.Nxe6 Rxe6 31.Qxe4 Qe7 32.Qc2 Nf7 33.Kh2 Re8 34.b4 Bh6 35.f4 Re3 36.Rd3 Re2
37.R1d2 Qe4 38.Rxe2 Qxe2 39.Rd2 Qe3 40.Rd3 Qe2 41.Qb3 Qf2 42.Rf3 Qd2 43.Rd3 Qf2
44.Rf3 Qd2 45.Rd3  1/2-1/2

[Event "MK Cafe op-A"]
[Site "Koszalin"]
[Date "1997.08.07"]
[Round "6"]
[White "Urban, Klaudiusz"]
[Black "Myc, Marcin"]
[Result "1/2-1/2"]
[WhiteElo "2490"]
[BlackElo "2350"]

1.c4 e5 2.g3 Nf6 3.Bg2 Nc6 4.Nf3 Bc5 5.O-O d6 6.Nc3 O-O 7.d3 h6 8.Na4 Re8
9.b3 a5 10.Bb2 Ba7 11.e3 Bf5 12.h3 Nb4 13.e4 Bd7 14.Nc3 Nc6 15.Nb5 Bc5 16.a3 Na7
17.Nc3 b5 18.cxb5 Nxb5 19.Nxb5 Bxb5 20.Re1 Bd7 21.d4 exd4 22.Nxd4 c6 23.Qf3 Qb6
24.Rad1 Rab8 25.Re2 Bxd4 26.Bxd4 Qxb3 27.Re3 Qe6 28.Bxf6 Qxf6 29.Qxf6 gxf6
30.Rxd6 Be6 31.Rxc6 Rec8 32.e5 Rb1+ 33.Kh2 Rxc6 34.Bxc6 Rc1 35.Ba4 fxe5 36.Rxe5 Ra1
37.Rxa5 Rxa3 38.Ra8+ Kg7 39.Bc6 Rxa8 40.Bxa8 Kf6 41.Kg2 Bd7  1/2-1/2

[Event "Budapest FS08 GM"]
[Site "Budapest"]
[Date "1997.08.10"]
[Round "9"]
[White "Karatorossian, David"]
[Black "Almasi, Istvan"]
[Result "1/2-1/2"]
[WhiteElo "2335"]
[BlackElo "2430"]

1.c4 e5 2.g3 Nc6 3.Nc3 Nf6 4.Bg2 Bc5 5.Nf3 d6 6.O-O a6 7.d3 h6 8.a3 O-O 9.b4 Ba7
10.h3 Nd4 11.e3 Nxf3+ 12.Qxf3 c6 13.Kh2 Be6 14.e4 Bd4 15.Bd2 b5 16.Qe2 bxc4
17.dxc4 Nd7 18.Rac1 d5 19.b5 Nb6 20.Nd1 Qd7 21.Ne3 cxb5 22.cxb5 Rfc8 23.Nxd5 Bxd5
24.exd5 Rc5 25.Rxc5 Bxc5 26.f4 Re8 27.fxe5 Rxe5 28.Qg4 Qxg4 29.hxg4 Re2 30.Ba5 Nxd5
31.Kh3 Ne3 32.Re1 Rb2 33.Bc6 g5 34.Bc3 Rb3 35.Rxe3 Bxe3  1/2-1/2

[Event "MK Cafe op-A"]
[Site "Koszalin"]
[Date "1997.08.10"]
[Round "9"]
[White "Markowski, Tomasz"]
[Black "Romanishin, Oleg M"]
[Result "0-1"]
[WhiteElo "2515"]
[BlackElo "2550"]

1.g3 e5 2.c4 Nf6 3.Bg2 d5 4.cxd5 Nxd5 5.Nf3 Nc6 6.O-O Nb6 7.Nc3 Be7 8.a4 a5
9.d3 O-O 10.Be3 Kh8 11.Rc1 f5 12.Nb5 Bf6 13.Nd2 Bd7 14.Bxb6 cxb6 15.Nc4 Be7
16.e3 Be8 17.d4 Bf6 18.dxe5 Nxe5 19.Ncd6 Bc6 20.Nxf5 Bxg2 21.Qxd8 Bxd8 22.Kxg2 Rxf5
23.Rfd1 Rf8 24.f4 Nc6 25.Rd7 Be7 26.Rxb7 Bc5 27.Nd6 Ra7 28.e4 Bxd6 29.Rxb6 Bxf4
30.gxf4 Nb4 31.f5 h6 32.Rb5 Re8 33.Rc4 Nd3 34.Kg3 Ne5 35.Rd4 Rae7 36.Kf4 Nc6
37.Rc4 Ne5 38.Rd4 g5+ 39.fxg6 Nxg6+ 40.Ke3 Ne5 41.h3 Kg7 42.b3 Rc8 43.Rdd5 Nf7
44.Rxa5 Rc1 45.b4 Re1+ 46.Kd2 R7xe4 47.Ra7 R1e2+ 48.Kd3 Kf6 49.Ra6+ Ke7 50.b5 Ne5+
51.Kc3 Rc4+ 52.Kb3 Re3+ 53.Kb2 Nd3+ 54.Kb3 Rf4  0-1

[Event "Budapest FS09 IM"]
[Site "Budapest"]
[Date "1997.09.06"]
[Round "1"]
[White "Karatorossian, David"]
[Black "Belotelov, Dimitri"]
[Result "1-0"]
[WhiteElo "2335"]
[BlackElo "2260"]

1.c4 e5 2.g3 f5 3.d4 exd4 4.Qxd4 Nc6 5.Qd1 Nf6 6.Nf3 Ne4 7.Bg2 Bc5 8.O-O d6
9.Nbd2 Qe7 10.e3 Ne5 11.Nxe5 Qxe5 12.Qc2 Nf6 13.Nf3 Qe4 14.Qc3 a5 15.b3 Bb4
16.Qb2 Qe7 17.a3 Bc5 18.Qc2 O-O 19.Bb2 Bd7 20.Nd4 Ne4 21.Ne2 Rae8 22.Nf4 c6
23.Rad1 d5 24.cxd5 Bxa3 25.Bxe4 fxe4 26.Bxa3 Qxa3 27.dxc6 Bxc6 28.Rd4 Rf5
29.Rfd1 Qf8 30.h4 Rc5 31.Rc4 Rb5 32.Rcd4 Qf7 33.Rc4 Qf5 34.Qc3 Rf8 35.Rd2 Qf6
36.Rcd4 Qf7 37.Rd8 Qxb3 38.Rxf8+ Kxf8 39.Qd4 Qf7 40.Qd8+ Qe8 41.Qc7 Qe7 42.Qc8+ Kf7
43.Rd8 Rb4 44.Rf8+  1-0

[Event "Budapest FS09 IM"]
[Site "Budapest"]
[Date "1997.09.08"]
[Round "3"]
[White "Karatorossian, David"]
[Black "Le Thi Phuong Lien"]
[Result "1-0"]
[WhiteElo "2335"]
[BlackElo "2265"]

1.c4 e5 2.g3 g6 3.Nc3 Nc6 4.Bg2 Bg7 5.d3 d6 6.Nf3 Nf6 7.O-O O-O 8.Rb1 a5
9.a3 Nd4 10.Ne1 c6 11.e3 Ne6 12.e4 Nd4 13.h3 Be6 14.Nf3 Qd7 15.Ng5 b5 16.Nxe6 fxe6
17.b3 b4 18.Ne2 Ne8 19.Nxd4 exd4 20.Ra1 Nc7 21.Bd2 c5 22.h4 e5 23.h5 Rf7
24.Bf3 Qe7 25.Kg2 g5 26.Bg4 h6 27.Ra2 Bf6 28.Qe2 Rff8 29.Rfa1 Kg7 30.Qd1 Qf7
31.axb4 axb4 32.Rxa8 Rxa8 33.Rxa8 Nxa8 34.Qa1 Qb7 35.Qa4 Kf7 36.Bf5 Ke7 37.Kh3 Nb6
38.Qb5 Qc7 39.Kg4 Kf7 40.f3 Bd8 41.Bg6+ Kg7 42.Qe8 Qd7+ 43.Qxd7+ Nxd7 44.Kf5 Nf8
45.Be8 Bc7 46.f4 Nh7 47.fxg5 Nxg5 48.Bxg5 hxg5 49.Kxg5 Bd8+ 50.Kf5 Be7 51.g4 Kh6
52.Ke6 Bf8 53.Kf7 d5 54.cxd5  1-0

[Event "ISL-ch"]
[Site "Akureyri"]
[Date "1997.09.14"]
[Round "6"]
[White "Sigurpalsson, Runar"]
[Black "Karason, Askell O"]
[Result "1-0"]
[WhiteElo "2275"]
[BlackElo "2305"]

1.c4 e5 2.g3 Nc6 3.Bg2 g6 4.Nc3 Bg7 5.e3 f5 6.Nge2 Nf6 7.O-O O-O 8.d3 d6
9.Rb1 a5 10.a3 g5 11.f4 h6 12.b4 axb4 13.axb4 Qe8 14.d4 Qh5 15.Nd5 exf4 16.b5 Nd8
17.gxf4 Qf7 18.fxg5 hxg5 19.Ng3 f4 20.exf4 g4 21.f5 c6 22.Nb6 Rb8 23.Bf4 Qc7
24.c5 Nf7 25.Nc4 cxb5 26.Nxd6 Ra8 27.Nxb7 Qd7 28.Nd6 Ra5 29.Qb3 Kh7 30.c6 Qe7
31.Rfe1 Qc7 32.Nc4 Qxf4 33.Nxa5 Qxd4+ 34.Kh1 Nd6 35.Rbd1 Qf4 36.Rf1 Qe5 37.Nb7 Nxf5
38.Nxf5 Bxf5 39.Nd6 Be6 40.Qxb5 Qxb5 41.Nxb5 Bc4 42.Rf5 Kg6 43.Rc5 Be2 44.Re1 Bd3
45.c7 Bf5 46.Rxf5  1-0

[Event "ISL-ch"]
[Site "Akureyri"]
[Date "1997.09.14"]
[Round "6"]
[White "Hjartarson, Johann"]
[Black "Thorfinnsson, Bragi"]
[Result "1/2-1/2"]
[WhiteElo "2605"]
[BlackElo "2215"]

1.c4 e5 2.g3 Nf6 3.Bg2 d5 4.cxd5 Nxd5 5.Nc3 Nb6 6.Nf3 Nc6 7.O-O Be7 8.a3 a5
9.d3 Be6 10.Be3 Nd5 11.Nxd5 Bxd5 12.Qa4 O-O 13.Rac1 Re8 14.Rfd1 h6 15.Qb5 Nd4
16.Nxd4 Bxg2 17.Qxe5 Bf6 18.Qxc7 Bxd4 19.Qxd8 Raxd8 20.Kxg2 Bxe3 21.fxe3 Rxe3
22.Kf2 Re5 23.Rc7 Rb5 24.Rd2 Rd6 25.Ke1 Rdb6 26.Rcc2 Kf8 27.Kd1 Ke7 28.Rc7+ Ke6
29.Kc1 Rf5 30.e4 Rf1+ 31.Kc2 Kd6 32.Rc4 f5 33.Re2 fxe4 34.dxe4 Rf3 35.e5+ Ke6
36.Rc7 Rc6+ 37.Rxc6+ bxc6 38.Kb1 Rd3 39.Ka2 g5 40.Re4 Rf3 41.Rc4 Kd5 42.Ra4 Kxe5
43.Rxa5+ Kd6 44.Ra4 Rf2 45.h4 Rg2 46.hxg5 Rxg3 47.gxh6 Rh3 48.Ra7 Rxh6 49.Rb7 Rh2
50.a4 c5 51.a5 Kc6 52.Rb6+ Kc7 53.Rb3 Rh4 54.Ka3 Rg4 55.Rb6 Rh4 56.b3 Rg4
57.Rh6 Kb7 58.a6+ Ka7 59.Rc6 Rh4 60.Rxc5  1/2-1/2

[Event "ISL-ch"]
[Site "Akureyri"]
[Date "1997.09.17"]
[Round "8"]
[White "Sigurpalsson, Runar"]
[Black "Vidarsson, Jon G"]
[Result "0-1"]
[WhiteElo "2275"]
[BlackElo "2380"]

1.c4 e5 2.g3 Nf6 3.Bg2 Nc6 4.Nc3 g6 5.e3 Bg7 6.Nge2 O-O 7.O-O d6 8.d4 exd4
9.exd4 Re8 10.h3 Ne7 11.g4 h5 12.f3 d5 13.c5 b6 14.Bg5 c6 15.b4 Nh7 16.Bh4 bxc5
17.bxc5 f5 18.Qd2 hxg4 19.fxg4 fxg4 20.hxg4 Bxg4 21.Ng3 Qd7 22.Nce2 Nf5 23.Nxf5 Bxf5
24.Ng3 Bg4 25.Kh2 Rf8 26.Rae1 Rae8 27.Rxe8 Rxe8 28.Rf2 Qe6 29.Bf1 Qe3 30.Bd3 Qxd2
31.Rxd2 Re6 32.Bc2 Bh6 33.Rg2 Bf4 34.Bd8 Nf8 35.Ba5 Re2 36.Rxe2 Bxe2 37.Ba4 Bb5
38.Bxb5 cxb5 39.Kg2 Ne6 40.Ne2 Bc7 41.Bd2 Kf7 42.Be3 b4 43.Kf3 Ke7 44.Ng1 a5
45.Ke2 Kf6 46.Nh3 Kf5 47.Nf2 Bg3 48.Nh1 Bh4 49.Kd3 Nd8 50.Bf2 g5 51.a3 bxa3
52.Kc3 a4  0-1

[Event "AUT-chT3 9798"]
[Site "Vorarlberg "]
[Date "1997.09.26"]
[Round "1"]
[White "Feistenauer, Harald"]
[Black "Rothfuss, Oliver"]
[Result "0-1"]
[WhiteElo "1961"]
[BlackElo "2155"]

1.c4 e5 2.g3 g6 3.Bg2 Bg7 4.Nc3 f5 5.b4 Nf6 6.Rb1 O-O 7.d3 Nh5 8.Nh3 h6 9.O-O d6
10.e3 f4 11.g4 f3 12.Bxf3 Qh4 13.Kg2 e4 14.Nxe4 Rxf3 15.Qxf3 Bxg4 16.Nf6+ Nxf6
17.Qg3 Qxg3+ 18.hxg3 Be2 19.Re1 Bxd3 20.Rb3 Bxc4 21.Rc3 b5  0-1